000 01567nam0a22003251 4500
001 rc\2279182
005 20250623043335.0
035 _a(NLR Aleph) 006564466
090 _a6878737
_c6878737
100 _a20110829d1977 |||y0rusy50 ca
101 0 _arus
102 _aRU
105 _aa z |||||
200 1 _aРусский язык
_eУчеб. пособие для 8-го кл. татар. школы
_fН.А. Андрамонова, Г.К. Хамзина, П.Ш. Абдуллина
_gПод ред. канд. филол. наук, доц. Н.А. Андрамоновой
205 _a3-е изд., дораб.
210 _aКазань
_cТатар. кн. изд-во
_d1977
215 _a160 с., 2 л. ил.
_d22
300 _aВ вып. дан. 1-й авт.: Наталия Алексеевна Андрамонова
606 _aРусский язык
_jУчебники и пособия для нерусских школ
_2psbo
686 _aШ141.2-962тат.221
_2rubbk
700 1 _4340
_7ca
_8rus
_aАндрамонова
_bН. А.
_f1930-
_gНаталия Алексеевна
_9258551
_3RU\NLR\AUTH\770258607
701 1 _aАбдуллина
_bП.Ш.
_gПакиза Шакировна
701 1 _aХамзина
_bГ.К.
_gГульшат Касымовна
790 1 _4340
_7ca
_8rus
_aАндрамонова
_bН. А.
_f1930-
_gНаталия Алексеевна
_9258551
_3RU\NLR\AUTH\770258607
801 0 _aRU
_bNLR
_gpsbo
801 1 _aRU
_bELAR
_2rusmarc
852 _aNLR
_j77-5/5245
899 _aRuMoRGB
_jМ 77-3/468
942 _cBOOK
980 _aNB